|
|
|
|
| LEADER |
00000nam0a2200000 4500 |
| 001 |
111091 |
| 005 |
20231031120702.0 |
| 035 |
|
|
|a (RuTPU)RU\TPU\book\119966
|
| 090 |
|
|
|a 111091
|
| 100 |
|
|
|a 20070307d1973 k y0rusy50 ca
|
| 101 |
0 |
|
|a rus
|
| 102 |
|
|
|a RU
|
| 105 |
|
|
|a a z 001zy
|
| 200 |
1 |
|
|a Химия и химическая технология полимеров и органического синтеза
|e [сборник статей]
|f Воронежский технологический институт ; под ред. И. И. Юкельсона
|
| 210 |
|
|
|a Воронеж
|c [Б. и.]
|d 1973
|
| 215 |
|
|
|a 227 с.
|c ил.
|
| 320 |
|
|
|a Библиогр. в конце ст.
|
| 610 |
1 |
|
|a полимеры
|
| 610 |
1 |
|
|a химия
|
| 610 |
1 |
|
|a химическая технология
|
| 610 |
1 |
|
|a органический синтез
|
| 610 |
1 |
|
|a мономеры
|
| 610 |
1 |
|
|a высокомолекулярные соединения
|
| 610 |
1 |
|
|a пластмассы
|
| 610 |
1 |
|
|a каучук
|
| 610 |
1 |
|
|a резина
|
| 675 |
|
|
|a 679.56
|v 3
|
| 675 |
|
|
|a 661.7
|v 3
|
| 702 |
|
1 |
|a Юкельсон
|b И. И.
|g Илья Исаевич
|4 340
|
| 712 |
0 |
2 |
|a Воронежский технологический институт
|2 stltpush
|3 (RuTPU)RU\TPU\col\12869
|
| 801 |
|
1 |
|a RU
|b 63413507
|c 20070307
|g PSBO
|
| 801 |
|
2 |
|a RU
|b 63413507
|c 20080530
|g PSBO
|
| 942 |
|
|
|c BK
|